000 00429nam a2200169Ia 4500
008 180921t2014 xxu||||| |||| 00| 0 sin d
041 _asin
080 _a901.5
_bARA
100 _aPrasanna Arachchi, Sujeewa
245 _aඉංග්‍රීසි සර්
246 _aIngreesi Sir
260 _bMadara Book
_aNugegoda
_c2014
300 _b21 cm
942 _cBK
999 _c491
_d491
003 LK-CoDNM
040 _aLK-CoDNM
_dLK-CoDNM
_eLK-CoDNM